Guess the Taylor Swift Song (no hints) 190 - Statistics

General Stats
  • This quiz has been taken 56 times
  • The average score is 291 of 321
Answer Stats
Answer % Correct
a
100%
all
100%
And
100%
and
100%
I
100%
in
100%
it
100%
it's
100%
me
100%
so
100%
So,
100%
the
100%
to
100%
You
100%
you
100%
(You
100%
(you
100%
be
97%
'Cause
97%
is
97%
just
97%
know
97%
like
97%
like,
97%
Like,
97%
my
97%
never
97%
no
97%
on
97%
too
97%
we
97%
We
97%
your
97%
you're
97%
You're
97%
(you're
97%
are
94%
at
94%
But
94%
don't
94%
down
94%
down)
94%
I'm
94%
oh
94%
(oh)
94%
Oh
94%
that
94%
then
94%
When
94%
Why
94%
being
91%
can
91%
(can
91%
mad?
91%
need
91%
not
91%
now,
91%
our
91%
out
91%
Say
91%
say
91%
there
91%
who
91%
calm
88%
could
88%
loud
88%
loud)
88%
okay?"
88%
a.m."
85%
"Damn,
85%
got
85%
"Hey,
85%
his
85%
I've
85%
made
85%
night
85%
see
85%
somebody
85%
that's
85%
glad?
82%
glad)
82%
less
82%
over
82%
shade
82%
street,
82%
street
82%
take
82%
try
82%
about
79%
cop
79%
fun
79%
gay
79%
gown?
79%
knock-out
79%
step
79%
stop
79%
stop?)
79%
Tweet,
79%
anybody
76%
crowns
76%
friends
76%
girls
76%
lesson
76%
several
76%
shots
76%
taking
76%
with
76%
would
76%
ain't
74%
bones
74%
broke
74%
else
74%
figured
74%
gowns?
74%
hate
74%
internet
74%
Making
74%
parade
74%
people
74%
sign,
74%
stones
74%
'bout
71%
killing
71%
learned
71%
mess
71%
peace
71%
rather
71%
restore
71%
seats
71%
taken
71%
dark
68%
must've
68%
Patrón
68%
self-expression
68%
snakes
68%
stressin'
68%
trying
68%
coming
65%
obsessin'
65%
scream
65%
Sunshine
65%
ages
62%
Comparing
62%
control
62%
urges
62%
missile
59%
7:00
29%
No matching quizzes found
Score Distribution
Percent of People with Each Score
Percentile by Number Answered
Your Score History
You have not taken this quiz